00890 a2200181 45000010006000000050017000060080041000230030015000640400040000790800109001192450083002280200018003112640030003293000021003595050275003801000022006557000031006775461920260407155820.0260407a1998 arg spa dAR-UNSa-BCEJYS aAR-UNSa-BCEJYSbspacAR-UNSa-BCEJYS a327xRelaciones internacionales. Política internacional. Asuntos internacionales. Política exterior 10aEl mercado de la virtudpmoral y responsabilidad social en la sociedad liberal a84-7432-612-5 1aBarcelona :bGedisac1998 a270 p.c19,5 cm. a1. Introducción: una visión al liberalismo – 2. Maximización de utilidad y sujeción normativa – 3. Sujeción normativa y surgimiento de las normas – 4. Simulación y confianza – 5. Punto de vista moral e identidad moral – 6. El mercado de la virtud. 1 aBaurmann, Michael1 aGarzón Valdés, Ernesto